| 000 | 00629nam a2200217 4500 | ||
|---|---|---|---|
| 008 | s1999 fr fre u | ||
| 020 | _a2700225015 | ||
| 020 | _a9782700225013 | ||
| 040 | _aLB-BrCRDP | ||
| 082 | 1 |
_aC _bTHI |
|
| 100 | 1 | _aThiès, Paul | |
| 245 | 1 | 3 |
_aUn hiver blanc frisson _cPaul Thiès |
| 260 |
_aParis _bRageot _c1999 |
||
| 300 |
_a92 p. _bcouv. couleur, ill. noir et blanc. _c19 cm |
||
| 490 | 1 | _aCascade | |
| 650 | 4 | _aLittérature de la jeunesse | |
| 650 | 4 | _aLittérature policière | |
| 830 | 0 |
_aCascade _pPolicier Junior |
|
| 942 | _cBK | ||
| 999 |
_c2485 _d2485 |
||